My Chemical Romance - Vampires Will Never Hurt You - Statistics

General Stats
  • This quiz has been taken 30 times
  • The average score is 355 of 438
Answer Stats
Answer % Correct
the
100%
a
95%
And
95%
and
95%
and…
95%
(And
95%
can
95%
Can
95%
(Can
95%
down
95%
down,
95%
get
95%
goes
95%
I
95%
if
95%
me
95%
me,
95%
spike
95%
spike?
95%
sun
95%
take
95%
they
95%
They
95%
this
95%
You
95%
you
95%
you,
95%
church
89%
come
89%
Come
89%
doctor
89%
heart
89%
heart!
89%
heart?
89%
heart?)
89%
heart)
89%
in
89%
into
89%
my
89%
of
89%
off
89%
out
89%
put
89%
Someone
89%
someone
89%
to
89%
Where
89%
as
84%
it
84%
night
84%
soul
84%
soul,
84%
stake
84%
time
84%
up,
84%
What
84%
will
84%
Will
84%
black
79%
black,
79%
bones
79%
burn
79%
call
79%
comes
79%
ground
79%
never
79%
our
79%
right
79%
skin
79%
then,
79%
wash
79%
your
79%
away
74%
hurt
74%
I’ll
74%
jet
74%
let
74%
Like
74%
like
74%
nurse
74%
tear
74%
them,
74%
them
74%
with
74%
before
68%
Before
68%
corpses
68%
endless
68%
hanging
68%
holy
68%
keep
68%
must
68%
promise
68%
roses
68%
save
68%
secret
68%
there
68%
there”
68%
thoughts
68%
water
68%
“We’ll
68%
We’re
68%
feeling?
63%
fill
63%
for
63%
hearts
63%
Please
63%
pump
63%
shoot
63%
sky?
63%
these
63%
tonight
63%
us,
63%
us
63%
buy
58%
cheap
58%
days
58%
driving
58%
hearse
58%
light)
58%
light
58%
necks,
58%
now
58%
now?
58%
over
58%
razor
58%
rip
58%
saw
58%
sharp
58%
teeth
58%
they’re
58%
venom
58%
whiskey,
58%
white
58%
back
53%
can’t
53%
forget
53%
said,
53%
always
47%
hole
47%
on!
47%
She
47%
throat
47%
watch
47%
floor
42%
gaping
42%
not
42%
stage
42%
Struck
42%
(Bring
37%
Bring
37%
pairs
37%
sets
37%
from
32%
prime
26%
got
21%
nightclub
11%
No matching quizzes found
Score Distribution
Percent of People with Each Score
Percentile by Number Answered
Your Score History
You have not taken this quiz